[Event "CZE-ch U16"]
[Site "Sec u Chrudimi"]
[Date "2008.10.28"]
[Round "5"]
[White "Kovar, Jan1111"]
[Black "Nguyenova, Adela"]
[Result "1-0"]
[WhiteElo "1852"]
[BlackElo "1617"]
[PlyCount "85"]
[EventDate "2008.10.25"]
[EventType "swiss"]
[EventRounds "9"]
[EventCountry "CZE"]
[SourceTitle "EXT 2022"]
[Source "ChessBase"]
[SourceDate "2021.10.06"]
[SourceVersion "1"]
[SourceVersionDate "2021.10.06"]
[SourceQuality "1"]

1. e4 c6 2. d4 d5 3. e5 Bf5 4. g4 Bg6 5. f4 e6 6. Nf3 Nd7 7. Nc3 c5 8. Bb5 c4 9. Be3 Bb4 10. 0-0 Bxc3 11. bxc3 h5 12. g5 Ne7 13. Nh4 Be4 14. Bc1 a6 15. Bxd7+ Qxd7 16. Ba3 Qa4 17. Bxe7 Bxc2 18. Qf3 Kxe7 19. f5 Qe8 20. f6+ gxf6 21. Qxf6+ Kd7 22. Qxf7+ Qxf7 23. Rxf7+ Kc6 24. Ng2 h4 25. Nf4 Bf5 26. Rf6 Rae8 27. Rf1 Rhg8 28. g6 Re7 29. Kf2 Kd7 30. Rg1 Reg7 31. Rg5 Ke7 32. Ke3 b5 33. Kd2 a5 34. a3 Kd7 35. Ke3 Ke7 36. Rg1 Kd7 37. Rg2 Ke7 38. Rb2 Rb8 39. Nxd5+ exd5 40. Rxf5 Rxg6 41. Rh5 Rg1 42. Rf2 Ra1 43. Rh7+ 1-0

[Event "CZE-ch U16"]
[Site "Sec u Chrudimi"]
[Date "2008.10.27"]
[Round "3"]
[White "Steinhauserova, Anna"]
[Black "Nguyenova, Adela"]
[Result "1/2-1/2"]
[WhiteElo "1751"]
[BlackElo "1617"]
[PlyCount "111"]
[EventDate "2008.10.25"]
[EventType "swiss"]
[EventRounds "9"]
[EventCountry "CZE"]
[SourceTitle "EXT 2022"]
[Source "ChessBase"]
[SourceDate "2021.10.06"]
[SourceVersion "1"]
[SourceVersionDate "2021.10.06"]
[SourceQuality "1"]

1. d4 d5 2. Nf3 Nc6 3. c4 e6 4. cxd5 exd5 5. Nc3 Nf6 6. Bg5 Be7 7. e3 h6 8. Bh4 g5 9. Bg3 Ne4 10. Bd3 f5 11. Ne5 h5 12. Nxc6 bxc6 13. Be5 Bf6 14. Bxf6 Qxf6 15. Qc2 Bd7 16. Na4 0-0 17. 0-0 h4 18. Nc5 Nxc5 19. Qxc5 Qd6 20. Rac1 g4 21. Qxd6 cxd6 22. Ba6 Rab8 23. Rc2 Rb6 24. Bd3 a5 25. g3 h3 26. f3 a4 27. Kf2 Rfb8 28. Rb1 Kf7 29. fxg4 fxg4 30. Ke2 Ke7 31. Kd2 Rf8 32. Rf1 Rxf1 33. Bxf1 Bf5 34. Bd3 Be4 35. Bxe4 dxe4 36. Kc3 d5 37. Rf2 Rb8 38. Rf4 Rg8 39. Kb4 Rb8+ 40. Ka3 Rg8 41. Kxa4 Kd6 42. Rf6+ Kc7 43. Kb4 Rb8+ 44. Kc3 Kb6 45. Rg6 Rf8 46. Rxg4 Rf2 47. Rh4 Rxh2 48. g4 Rh1 49. g5 h2 50. Kc2 Kb5 51. g6 Rg1 52. Rxh2 Rxg6 53. Kc3 Rg3 54. Re2 Rg1 55. b3 Rd1 56. Kc2 1/2-1/2